Дифференциальные уравнения процессов гидроимпульсного силового механизма бурильных машин; Приволжский научный вестник; № 4

Bibliografiset tiedot
Parent link:Приволжский научный вестник: научно-практический журнал
№ 4.— 2013.— [С. 32-36]
Päätekijä: Пашков Е. Н. Евгений Николаевич
Yhteisötekijä: Национальный исследовательский Томский политехнический университет (ТПУ) Институт физики высоких технологий (ИФВТ) Кафедра теоретической и прикладной механики (ТПМ)
Muut tekijät: Зиякаев Г. Р. Григорий Ракитович, Кузнецов И. В. Игорь Васильевич
Yhteenveto:Заглавие с экрана
Представлена модель гидроимпульсного механизма бурильных машин. Получены дифференциальные уравнения, описывающие механические и гидравлические процессы, протекающие в механизме за весь цикл его работы
Kieli:venäjä
Julkaistu: 2013
Aiheet:
Linkit:http://icnp.ru/sites/default/files/PNV/PNV_20.pdf#page=32
Aineistotyyppi: MixedMaterials Elektroninen Kirjan osa
KOHA link:https://koha.lib.tpu.ru/cgi-bin/koha/opac-detail.pl?biblionumber=636259

MARC

LEADER 00000nla0a2200000 4500
001 636259
005 20250319125614.0
035 |a (RuTPU)RU\TPU\network\151 
035 |a RU\TPU\network\149 
090 |a 636259 
100 |a 20131021d2013 k||y0rusy50 ca 
101 0 |a rus 
102 |a RU 
135 |a drnn ---uucaa 
181 0 |a i  
182 0 |a b 
200 1 |a Дифференциальные уравнения процессов гидроимпульсного силового механизма бурильных машин   |f Е. Н. Пашков, Г. Р. Зиякаев, И. В. Кузнецов 
203 |a Текст  |c электронный 
300 |a Заглавие с экрана 
320 |a [Библиогр.: с. 35-36 (7 назв.)] 
330 |a Представлена модель гидроимпульсного механизма бурильных машин. Получены дифференциальные уравнения, описывающие механические и гидравлические процессы, протекающие в механизме за весь цикл его работы 
461 |t Приволжский научный вестник  |o научно-практический журнал 
463 |t № 4  |v [С. 32-36]  |d 2013 
610 1 |a электронный ресурс 
610 1 |a труды учёных ТПУ 
610 1 |a гидроимпульсные механизмы 
610 1 |a вынужденные колебания 
610 1 |a собственная частота 
610 1 |a гидропульсаторы 
610 1 |a резонанс 
700 1 |a Пашков  |b Е. Н.  |c специалист в области машиностроения  |c доцент Томского политехнического университета, кандидат технических наук  |f 1975-  |g Евгений Николаевич  |3 (RuTPU)RU\TPU\pers\27734  |9 12808 
701 1 |a Зиякаев  |b Г. Р.  |c специалист в области машиностроения  |c доцент Томского политехнического университета, кандидат технических наук  |f 1975-  |g Григорий Ракитович  |3 (RuTPU)RU\TPU\pers\25576  |9 11506 
701 1 |a Кузнецов  |b И. В.  |c специалист в области машиностроения  |c инженер Томского политехнического университета  |f 1987-  |g Игорь Васильевич  |3 (RuTPU)RU\TPU\pers\31439 
712 0 2 |a Национальный исследовательский Томский политехнический университет (ТПУ)  |b Институт физики высоких технологий (ИФВТ)  |b Кафедра теоретической и прикладной механики (ТПМ)  |3 (RuTPU)RU\TPU\col\18695 
801 2 |a RU  |b 63413507  |c 20150413  |g RCR 
856 4 |u http://icnp.ru/sites/default/files/PNV/PNV_20.pdf#page=32 
942 |c CF